000 00282nam a22001337a 4500
008 170407b xxu||||| |||| 00| 0 eng d
020 _a9781449624088
041 _aeng
080 _a616
100 _a9
101 _aSHM
245 _aPATHOPHYSIOLOGY
_cSTORY, L
942 _2udc
_cBK
999 _c10120
_d10120